000 01263cam a2200253 4500
001 ABS63947
008 000000n2001 000 0 eng u
035 _a(Sirsi) u112671
100 _aRoss, T
245 4 _aThe last word on Part L
260 _c2001
490 _aBuilding
_v266(8184) 11 May 2001, 52-53(2)
520 _aLooks at the new version of Part L of the Building Regulations, "Conservation of fuel and power", which intends to reduce carbon dioxide emissions from buildings. The document has been published as an interim draft to enable amendments from changes to Part E of the Building Regulations and to allow designers and builders to prepare for its implementation. Outlines the key changes in Part L which include a new insulation value of 0.35, air-tight standards for buildings, and refinements to heating system efficiency. The final version of Part L will comprise two editions; L1 for dwellings and L2 for other building types.
590 _aABS
650 _aENERGY EFFICIENCY
650 _aAIR-TIGHT
650 _aHEATING
650 _aU-VALUES
650 _aCARBON DIOXIDE EMISSIONS
650 _aPART L
650 _aBUILDING REGULATIONS
_96224
690 _aBUILDING AND CONSTRUCTION-ENERGY MANAGEMENT
942 _n0
999 _c67064
_d67064